College Football Matchups: Miami (FL) - Statistics

General Stats
  • This quiz has been taken 119 times
    21 since last reset
  • The average score is 13 of 16
Answer Stats
Games Opponent Subdivision % Correct
58 Florida Power 4
95%
70 Florida State Power 4
95%
19 NC State Power 4
95%
27 North Carolina Power 4
95%
21 Virginia Power 4
95%
42 Virginia Tech Power 4
95%
21 Duke Power 4
89%
29 Georgia Tech Power 4
89%
43 Pittsburgh Power 4
89%
18 Alabama Power 4
84%
25 Syracuse Power 4
84%
31 Boston College Power 4
79%
28 Notre Dame Power 4
79%
18 Louisville Power 4
74%
20 West Virginia Power 4
53%
18 Houston Power 4
26%
No matching quizzes found
Score Distribution
Percent of People with Each Score
Percentile by Number Answered
Your Score History
You have not taken this quiz since the last reset